000 02213nam a22002417a 4500
005 20260423150925.0
008 260423b |||||||| |||| 00| 0 eng d
020 _a9789392295171
040 _cAL
041 _aeng
082 _a364.16
_bKOOL
100 _aManju Koolwal
_9262503
245 _aLawmanns white collar crimes India and abroad
260 _aNew Delhi
_bKamal Publishers
_c2025
300 _axxviii,648p
_bPB
_c24x15.5cm
365 _2Law
_a1343
_b₹487.50
_c
_d₹650.00
_e25%
_f14-03-2026
520 _aLawmann’s White Collar Crimes, Indian and Abroad – 2nd Edition 2025 by Dr. Manju Koolwal is a scholarly yet practical guide to understanding and tackling the complex world of financial and corporate crime. With the rising impact of globalization and digitalization, white-collar crimes have grown in sophistication and frequency, calling for in-depth legal analysis and international cooperation. This updated edition explores white-collar criminal behavior through the lens of Indian statutory frameworks like the IPC, PMLA, Companies Act, SEBI regulations, and the IT Act. Simultaneously, it offers global insights by comparing frameworks from the US, UK, EU, and other jurisdictions that are leading the way in investigating and prosecuting corporate and economic crimes. Rich in case studies and precedents, the book examines key sectors where white-collar crimes thrive—banking fraud, environmental offenses, insider trading, and money laundering—and explains how laws have evolved to prevent and punish such offenses. Law enforcement procedures, regulatory responses, and judicial interpretations are covered extensively. This book is essential for law students, researchers in criminology, practicing lawyers, policy analysts, and corporate governance professionals who want to stay informed on one of the fastest-evolving areas of law. It bridges academic theory with real-world application and presents a roadmap to understanding how societies globally are addressing white-collar criminality.
650 _aCyber Crimes and Computer Crimes
_9262504
650 _aCyberstalking
_9262505
650 _aHackers
_9262506
650 _aATM Frauds
_9262507
942 _2ddc
_cBK
999 _c241338
_d241338